Thorns and Agonies/ (Record no. 204853)

MARC details
000 -LEADER
fixed length control field 00542nam a22001937a 4500
005 - DATE AND TIME OF LATEST TRANSACTION
control field 20240805161944.0
010 ## - LCCN (DPL NO)
LC control number ENG-141188
020 ## - INTERNATIONAL STANDARD BOOK NUMBER
International Standard Book Number 9789360958398
Terms of availability 295.00
035 ## - SYSTEM CONTROL NUMBER
System control number EN-124720
037 ## - SOURCE OF ACQUISITION
Source of stock number/acquisition DBAD
082 ## - DEWEY DECIMAL CLASSIFICATION NUMBER
Classification number S
Edition number 1
100 ## - MAIN ENTRY--PERSONAL NAME
Personal name Dominic, K.V
245 ## - TITLE STATEMENT
Title Thorns and Agonies/
Statement of responsibility, etc By K.V Dominic
250 ## - EDITION STATEMENT
Edition statement 1
260 ## - PUBLICATION, DISTRIBUTION, ETC. (IMPRINT)
Place of publication, distribution, etc New Delhi
Name of publisher, distributor, etc Author Press
Date of publication, distribution, etc 2024
270 ## - ADDRESS
Address Q-24 A Hauz Khas Enclave
City New Delhi
Postal code 110016
Telephone number 9818049852
Electronic mail address authorpressgroup@gmail.com
300 ## - PHYSICAL DESCRIPTION
Extent 54p.
Dimensions 23c.m(pb)
942 ## - ADDED ENTRY ELEMENTS (KOHA)
Source of classification or shelving scheme Dewey Decimal Classification
Item type English Books
Classification part S
Call number suffix DOM
Edition 1
Holdings
Withdrawn status Lost status Not for loan Collection code Home library Current library Date acquired Source of acquisition Cost, normal purchase price Full call number Barcode Copy number Cost, replacement price Koha item type
      Non-fiction Central Library Central Library 05/08/2024 Delivery of Books Act Division 295.00 S DOM EN-124720 1 295.00 English Books

© Delhi Public Library
Hit Counter
free hit counter